000 01258nam a2200397 c 4500
001 22888
003 ES-MaCES
005 20220408040012.0
008 100304s2010 sp t 000 | spa d
017 _aV 4269-2010
_bDL
020 _a9788498766554
035 _aCES20100001775m
040 _aES-MaCES
_bspa
_cES-MaCES
100 1 _aGrau Pineda, Carmen
_914062
245 1 0 _aBonificaciones en la cotización y fomento del empleo
_cCarmen Grau Pineda
260 _aValencia
_bTirant lo Blanch
_c2010
300 _a343 p.
_c22 cm
490 1 _aTirant monografías
_v641
541 _cCompra
650 4 _aincentivo en metálico
_928389
650 4 _acotizaciones
_930106
650 4 _aseguridad social
_927034
650 4 _acoste de la mano de obra
_928283
650 4 _afomento del empleo
_930270
650 4 _aadministración de la seguridad social
_930264
650 4 _alegislación de seguridad social
_929855
650 4 _aEspaña
_926964
650 4 _aderecho comunitario
_929866
650 4 _arégimen jurídico
_929894
653 1 0 _aSeguridad Social
650 4 _928178
_aempresa
830 0 _aTirant monografías
_v641
_932480
902 _aLIB Libro
942 _2CES
_cBK
_h3.0.
999 _c22888
_d22888